[Event "Petrolina Cordioli Memorial op"]
[Site "Petrolina"]
[Date "2007.10.19"]
[Round "3"]
[White "Da Silva, Francisco Nogueira"]
[Black "Morcelli, Luciano"]
[Result "1-0"]
[WhiteElo "1800"]
[BlackElo "1800"]
[PlyCount "33"]
[EventDate "2007.10.09"]
[EventType "swiss"]
[EventRounds "7"]
[EventCountry "BRA"]
[SourceTitle "EXT 2022"]
[Source "ChessBase"]
[SourceDate "2021.10.06"]
[SourceVersion "1"]
[SourceVersionDate "2021.10.06"]
[SourceQuality "1"]

1. e4 d5 2. exd5 Qxd5 3. Nc3 Qd8 4. d4 Nf6 5. Bg5 h6 6. Bxf6 exf6 7. Qe2+ Qe7 8. Qxe7+ Bxe7 9. 0-0-0 Nc6 10. d5 Ne5 11. f4 Ng4 12. Rd2 Bd6 13. Re2+ Kd7 14. g3 a5 15. h3 Re8 16. hxg4 Rxe2 17. Bxe2 1-0